000 00486nam a2200181Ia 4500
001 3934
005 20260306145719.0
008 260306t2014||||xx |||||||||||||| ||spa||
041 _aESP
082 _a305.5633985
_bM42
100 _aMéndez Gastelumendi, Cecilia
_eAUT
245 0 _aLa república plebeya:
_bHuanta y la formación del estado peruano, 1820-1850
260 _c2014
300 _a412 páginas :
_c20 cm.
650 _aGEN
654 _aCHU
942 _cLIB
_dJUS
_fJUS
_2ddc
_n
999 _c3934
_d3934